| 000 | 01194cam a2200361 4500 | ||
|---|---|---|---|
| 001 | a44373 | ||
| 003 | DO-SdBPM | ||
| 005 | 20250729115433.0 | ||
| 007 | ta | ||
| 008 | 090302s2014 pe a | |||| 001 0 spa | ||
| 015 | _a | ||
| 017 |
_a _b |
||
| 020 | _a 9786124679926 | ||
| 035 | _a | ||
| 040 |
_aDO-SdBPM _bspa _cBPMSU _e rda |
||
| 080 | _a | ||
| 082 | 4 |
_a928 _bV182F 2014 _2 22 |
|
| 100 | 1 |
_aFlores Heredia, Gladys. _eautora |
|
| 245 | 1 | 0 |
_aVallejo para adolescentes / _cGladys Flores Heredia ; ilustraciones de Fernando Mamaní _h _b |
| 260 |
_a _b _c |
||
| 264 |
_aLima : _bCátedra Vallejo _c2014. |
||
| 300 |
_a151 páginas : _bilustraciones, fotografías ; _c22 cm |
||
| 336 |
_atexto _btxt _2rdacontent |
||
| 337 |
_asin meciación _bn _2rdamedia |
||
| 338 |
_avolumen _bnc _2rdacarrier |
||
| 500 | _a Incluye bibliografías. | ||
| 590 | _aInventariado, 2025/VM | ||
| 600 | 1 | 4 |
_aVallejo, Cesar, _d1892-1938 _vBiografías _vLiteratura juvenil. |
| 600 | 1 | 4 |
_aVallejo, Cesar, _d1892-1938 _xCrítica e interpretación _vLiteratura juvenil. |
| 700 | 1 |
_aMamani, Fernando _eilustrador. |
|
| 910 | _aVMateo V. Control de calidad BPMSU | ||
| 942 |
_2ddc _cBK |
||
| 999 |
_c15286 _d15286 |
||